Подробности
| 000 -МАРКЕР |
| контрольное поле |
02914nam0a2200361 4500 |
| 001 - ИДЕНТИФИКАТОР ЗАПИСИ |
| контрольное поле |
RU\NLR\BIBL_A\012891560 |
| 005 - ИДЕНТИФИКАТОР ВЕРСИИ |
| контрольное поле |
20250624214619.0 |
| 010 ## - МЕЖДУНАРОДНЫЙ СТАНДАРТНЫЙ НОМЕР КНИГИ (ISBN) |
| Номер (ISBN) |
978-5-7271-1790-3 |
| Тираж |
100 |
| 021 ## - НОМЕР ГОСУДАРСТВЕННОЙ РЕГИСТРАЦИИ |
| Код страны |
российская федерация |
| Номер |
2022-50303 |
| Номер Листа государственной регистраци |
КН-П-4371 |
| 035 ## - ДРУГИЕ СИСТЕМНЫЕ НОМЕРА |
| Идентификатор записи |
(RuMoRGB)011163086 |
| 035 ## - ДРУГИЕ СИСТЕМНЫЕ НОМЕРА |
| Идентификатор записи |
(NLR Aleph) 012891560 |
| 100 ## - ДАННЫЕ ОБЩЕЙ ОБРАБОТКИ |
| Данные общей обработки |
20220920d2022 |||y0rusy50 ca |
| 101 0# - ЯЗЫК РЕСУРСА |
| Язык текста, звукозаписи и т.д. |
русский |
| 102 ## - СТРАНА ПУБЛИКАЦИИ ИЛИ ПРОИЗВОДСТВА |
| Страна публикации |
российская федерация |
| 105 ## - ПОЛЕ КОДИРОВАННЫХ ДАННЫХ: ТЕКСТОВЫЕ МАТЕРИАЛЫ, МОНОГРАФИЧЕСКИЕ |
| Кодированные данные о монографическом текстовом документе |
a j 000zy |
| 181 #0 - ПОЛЕ КОДИРОВАННЫХ ДАННЫХ: ВИД СОДЕРЖАНИЯ |
| Код вида содержания (ISBD) |
i3 |
| Код характеристики содержания (ISBD) |
axxe |
| 182 #0 - ПОЛЕ КОДИРОВАННЫХ ДАННЫХ: ТИП СРЕДСТВА |
| Код типа средства (ISBD) |
n - непосредственное |
| 200 1# - ЗАГЛАВИЕ И СВЕДЕНИЯ ОБ ОТВЕТСТВЕННОСТИ |
| Основное заглавие |
Тензорные поля на гладких многообразиях |
| Сведения, относящиеся к заглавию |
учебное пособие |
| -- |
для студентов, обучающихся по специальности 02.03.01 Математика и компьютерные науки |
| Первые сведения об ответственности |
Ф. Г. Кораблёв |
| Последующие сведения об ответственности |
Министерство науки и высшего образования Российской Федерации, Федеральное государственное бюджетное образовательное учреждение высшего образования "Челябинский государственный университет" |
| 203 ## - ВИД СОДЕРЖАНИЯ И ТИП СРЕДСТВА |
| Вид содержания |
Текст |
| Дополнительные сведения об издании |
визуальный |
| Тип средства |
непосредственный |
| 210 ## - ПУБЛИКАЦИЯ, РАСПРОСТРАНЕНИЕ И ДР. |
| Место издания, распространения и т.д. |
Челябинск |
| Имя издателя, распространителя и т. д. |
Изд-во Челябинского государственного университета |
| Дата издания, распространения и т.д. |
2022 |
| 215 ## - ФИЗИЧЕСКАЯ ХАРАКТЕРИСТИКА |
| Специфическое обозначение материала и объем |
154 с. |
| Другие сведения о физической характеристике |
ил. |
| Размеры |
20 |
| 330 ## - РЕЗЮМЕ ИЛИ РЕФЕРАТ |
| Текст примечания |
Учебное пособие содержит материал, который традиционно преподаётся на математическом факультете Челябинского государственного университета в рамках таких дисциплин, как "Римановы многообразия" и "Гладкие многообразия". Основная задача пособия состоит в объяснении того, как на произвольном гладком многообразии можно задать риманову структуру, и в изучении свойств этих структур. Пособие предназначено для студентов, обучающихся по специальности 02.03.01 Математика и компьютерные науки |
| 606 1# - НАИМЕНОВАНИЕ ТЕМЫ КАК ПРЕДМЕТ |
| Наименование темы |
Тензорное исчисление |
| Формальный подзаголовок |
Учебные издания для высших учебных заведений |
| Системный номер авторитетной/нормативной записи |
1382013 |
| Идентификатор авторитетной/нормативной записи |
RU\NLR\AUTH\66266503 |
| 606 1# - НАИМЕНОВАНИЕ ТЕМЫ КАК ПРЕДМЕТ |
| Наименование темы |
Римановы многообразия |
| Формальный подзаголовок |
Учебные издания для высших учебных заведений |
| Системный номер авторитетной/нормативной записи |
2377924 |
| Идентификатор авторитетной/нормативной записи |
RU\NLR\AUTH\661418925 |
| 675 ## - УНИВЕРСАЛЬНАЯ ДЕСЯТИЧНАЯ КЛАССИФИКАЦИЯ (UDC/УДК) |
| Индекс |
514.743(075.8) |
| Издание |
4 |
| 686 1# - ИНДЕКСЫ ДРУГИХ КЛАССИФИКАЦИЙ |
| Индекс |
В181.222.11я73-1 |
| 686 1# - ИНДЕКСЫ ДРУГИХ КЛАССИФИКАЦИЙ |
| Индекс |
В181.142я73-1 |
| 700 #1 - ИМЯ ЛИЦА - ПЕРВИЧНАЯ ОТВЕТСТВЕННОСТЬ |
| Начальный элемент ввода |
Кораблёв |
| Часть имени, кроме начального элемента ввода |
Ф. Г. |
| Расширение инициалов личного имени |
Филипп Глебович |
| 942 ## - ДОПОЛНИТЕЛЬНЫЕ ЭЛЕМЕНТЫ ЗАПИСИ (АБИС) |
| Тип экземпляра АБИС |
Книга |
| 980 ## - КОЛЛЕКЦИЯ |
| Название коллекции |
Национальная библиография |